LEADER 01864nam a2200349 u 4500 001 000000113168 003 CaOOAMICUS 005 20080924182726.0 008 080924s2008 it u000 u ita r 020 $z978-88-7094-635-2* 040 $aPUL$bita$dLDB 041 1 $aita$alat$hlat 100 0 $aCyprianus,$cs., vesc. di Cartagine,$dc. 200-258.$0(OLS)http://pul/name/383 240 10$aAd Demetrianum.$lItaliano e latino.$0(OLS)http://pul/title/142195 245 10$aA Demetriano /$cCipriano di Cartagine ; introduzione, testo critico e commento Jean-Claude Fredouille ; traduzione Attilio Carpin. 260 $aRoma :$bEdizioni San Clemente ;$aBologna :$bEdizioni Studio Domenicano,$c2008. 300 $a235 p. ;$c20 cm 490 1 $aSources chrétiennes. Edizione italiana ;$v05 500 $aComprende riferimenti bibliografici (p. 61-67) e indice. 700 1 $aCarpin, Attilio,$csac.$0(OLS)http://pul/name/67513 700 1 $aFredouille, Jean Claude.$0(OLS)http://pul/name/1916 700 0 $aCyprianus,$cs., vesc. di Cartagine,$dc. 200-258.$tAd Demetrianum.$0(OLS)http://pul/nameTitle/810$0(OLS)http://pul/name/383$0(OLS)http://pul/title/14428 830 0$aSources chrétiennes. Edizione italiana ;$v05.$0(OLS)http://pul/title/142077 850 $aPUL 852 $aPUL$W1$xSL Religione 3$y85$m270. 1 COLL 2.5$j129308$qDDC 21$B128403$CPULBib$Z2$F128403 $H108288 $82 900 $aCipriano,$cs., vescovo di Cartagine,$dc. 200-258$9383 900 $aCipriano,$cs., vescovo di Cartagine,$dc. 200-258$9383 941 1 $a9 996 $6020$z978-88-7094-635-2*$9(OLS)http://pul/number/138642 996 $6245$aA Demetriano$9(OLS)http://pul/title/14427 996 $6260$aRoma :$bEdizioni San Clemente$9(OLS)http://pul/publisher/80048 996 $6260$aBologna :$bEdizioni Studio Domenicano$9(OLS)http://pul/publisher/49136 LEADER 01753nam a2200373 a 4500 001 000000145843 003 CaOOAMICUS 005 20160128131739.0 008 150918s2014 it u000 u ita r 020 $a978-88-548-7896-9 032 $aLibriCat 040 $aPUL$bita 041 0 $aita$aeng$aspa 082 04$a234 245 03$aLa santissima eucaristia nella fede e nel diritto della Chiesa /$ca cura di Bruno Lima ; prefazione di Dario Cardinale Castrillon Hoyos ; contributi di Angelo Cardinale Amato ... [et al.]. 260 $aRoma :$bAracne,$c©2014. 300 $a273 p. ;$c24 cm 490 1 $aA12 504 $aBibliografia in nota. 546 $aContributi in italiano, inglese e spagnolo. 650 4$aEucaristia (diritto canonico).$0(OLS)http://pul/subject/26815 700 1 $aLima, Bruno.$0(OLS)http://pul/name/75912 700 1 $aCastrillon Hoyos, Dario,$ccard.$0(OLS)http://pul/name/73289 700 1 $aAmato, Angelo,$ccard., $d1938-$0(OLS)http://pul/name/1448 830 0$aA 12. Scienze giuridiche (Aracne).$0(OLS)http://pul/title/136652 850 $aPUL 852 $aPUL$W1$xSL Religione 3$y85$m234 LIMBR 2$j171631$bEd. aggiornata di 277 pagine$qDDC 21$B173129$CPULBib$Z2$F173129 $H126939 $81 852 $aPUL$W1$xSL Religione 3$y85$m234 LIMBR 1$j168726$qDDC 21$B169361$CPULBib$Z2$F169361 $H126208 $82 941 1 $a9 996 $6020$a978-88-548-7896-9$9(OLS)http://pul/number/158662 996 $6082$a234$9(OLS)http://pul/classification/573 996 $6245$aLa santissima eucaristia nella fede e nel diritto della Chiesa$9(OLS)http://pul/title/184412 996 $6260$aRoma :$bAracne$9(OLS)http://pul/publisher/62189